00814nam a2200205 a 4500008004100000020001500041050002100056100002400077245004000101246002500141260007700166350000900243650001300252650001400265700001800279710006300297995010000360999001700460952013100477060815s2005 ||||||||||||||||| || u a929045170X aUNIDIR902)2005/9 aDhanapala, Jayantha10aMultilateral diplomancy and the NPT aan insider's account aGenevabUnited Nations Institute for Disarmament Research [UNIDIR]c2005 a0.00 aPOLITICS aDIPLOMACY aRydell, Randy aUnited Nations Institute for Disarmament Research (UNIDIR) D0.00FCBU-MAIN LIBRARY (Kitwe)H1I0.00M1UAVAILABLEWAug 15, 2006ZInternational Publications c51764d51764 00102lcc4070a001b001cInternational Publicationsd2022-11-30l0oUNIDIR902)2005/9pZ03000917r2022-11-30w2022-11-30y002